[Event "Mittelrhein Regionalliga 15/16"]
[Site "Nordrheinwestfalen"]
[Date "2016.02.21"]
[Round "7.8"]
[White "Bachkourinski, Grigori"]
[Black "Gaul, Alexander"]
[Result "1-0"]
[WhiteElo "1973"]
[BlackElo "1895"]
[PlyCount "159"]
[EventDate "2015.09.27"]
[EventType "team-tourn"]
[EventRounds "9"]
[EventCountry "GER"]
[SourceTitle "EXT 2022"]
[Source "ChessBase"]
[SourceDate "2021.10.06"]
[SourceVersion "1"]
[SourceVersionDate "2021.10.06"]
[SourceQuality "1"]
[WhiteTeam "Aachen DJK Aufwärts III"]
[BlackTeam "Bruehl"]
[WhiteTeamCountry "GER"]
[BlackTeamCountry "GER"]

1. c4 e6 2. Nc3 c5 3. Nf3 a6 4. d4 cxd4 5. Nxd4 Nf6 6. e4 Qc7 7. Be2 Be7 8. 0-0 d6 9. Be3 b6 10. Rc1 Bb7 11. Qc2 0-0 12. Rfd1 Re8 13. a3 Nbd7 14. f4 Rac8 15. b4 Qb8 16. Qb1 Qa8 17. Bd3 Rc7 18. Nb3 Rec8 19. Bd2 Qa7 20. Kh1 Ng4 21. Rf1 b5 22. cxb5 axb5 23. Nxb5 Rxc1 24. Nxa7 Rxb1 25. Bxb1 Ra8 26. Nb5 Ba6 27. Nc7 Bxf1 28. Nxa8 Bd8 29. Nd4 Ba6 30. Nc6 Bb7 31. Nxd8 Bxa8 32. Kg1 Ngf6 33. b5 Nxe4 34. Bxe4 Bxe4 35. Bb4 Kf8 36. Bxd6+ Ke8 37. Nc6 Nb6 38. Kf2 Kd7 39. Bf8 g6 40. Ne5+ Ke8 41. Bc5 Na4 42. Bd4 h5 43. g3 f6 44. Nc6 Kd7 45. Ke3 Bxc6 46. bxc6+ Kxc6 47. Bxf6 Nb6 48. Kd4 Nd7 49. Be7 Kb5 50. Ke4 Kb6 51. Kf3 Kc6 52. Kg2 e5 53. Kf3 Kd5 54. a4 Ke6 55. Bd8 Kf5 56. a5 Nc5 57. fxe5 Kxe5 58. Ke3 Kd5 59. Be7 Na6 60. Kf4 Ke6 61. Bd8 Nc5 62. Bb6 Na6 63. Kg5 Kf7 64. Ba7 Nc7 65. Bb8 Na6 66. Bd6 Kg7 67. Kf4 Kf6 68. Ke4 Ke6 69. Bf8 Nb8 70. Ba3 Na6 71. Kd4 Nc7 72. Kc5 Kd7 73. Kb6 Kc8 74. a6 Na8+ 75. Kc6 g5 76. Be7 g4 77. Bd6 h4 78. gxh4 g3 79. hxg3 Nc7 80. a7 1-0

[Event "Mittelrhein Verbandsliga-M 1112"]
[Site "Germany"]
[Date "2012.03.18"]
[Round "8.1"]
[White "Bachkourinski, Grigori"]
[Black "Schaefer, Timo"]
[Result "1/2-1/2"]
[WhiteElo "2075"]
[BlackElo "1832"]
[PlyCount "81"]
[EventDate "2011.09.18"]
[EventType "team-tourn"]
[EventRounds "11"]
[EventCountry "GER"]
[SourceTitle "EXT 2013"]
[Source "ChessBase"]
[SourceDate "2012.11.22"]
[SourceVersion "1"]
[SourceVersionDate "2012.11.22"]
[SourceQuality "1"]
[WhiteTeam "Aachen Aufwaerts III"]
[BlackTeam "Godesberg V"]
[WhiteTeamCountry "GER"]
[BlackTeamCountry "GER"]

1. c4 c5 2. Nf3 Nf6 3. g3 g6 4. Nc3 Nc6 5. Bg2 Bg7 6. 0-0 0-0 7. d4 cxd4 8. Nxd4 Qb6 9. Nc2 d6 10. Rb1 Be6 11. b3 Rac8 12. e4 Na5 13. Ne3 Rfe8 14. h3 a6 15. Kh2 Qc5 16. f4 Nc6 17. f5 Bd7 18. Ned5 Nxd5 19. Nxd5 b5 20. Be3 Bd4 21. Bxd4 Qxd4 22. Qxd4 Nxd4 23. Rfd1 Nc6 24. cxb5 axb5 25. Nb6 Rcd8 26. fxg6 hxg6 27. Bf1 b4 28. Rbc1 Ne5 29. Nxd7 Nxd7 30. Bb5 Rf8 31. Rc4 Ne5 32. Rxb4 Rc8 33. Bc4 Rc7 34. g4 Rfc8 35. Kg3 Nxc4 36. bxc4 Rxc4 37. Rxc4 Rxc4 38. Re1 Ra4 39. Re2 g5 40. Kf3 Ra3+ 41. Kg2 1/2-1/2

[Event "Mittelrhein Verbandsliga-M 1112"]
[Site "Germany"]
[Date "2012.01.15"]
[Round "5.4"]
[White "Weber, Christian"]
[Black "Bachkourinski, Grigori"]
[Result "0-1"]
[WhiteElo "1911"]
[BlackElo "2075"]
[PlyCount "90"]
[EventDate "2011.09.18"]
[EventType "team-tourn"]
[EventRounds "11"]
[EventCountry "GER"]
[SourceTitle "EXT 2013"]
[Source "ChessBase"]
[SourceDate "2012.11.22"]
[SourceVersion "1"]
[SourceVersionDate "2012.11.22"]
[SourceQuality "1"]
[WhiteTeam "Langenfeld III"]
[BlackTeam "Aachen Aufwaerts III"]
[WhiteTeamCountry "GER"]
[BlackTeamCountry "GER"]

1. f4 d5 2. Nf3 Nf6 3. e3 g6 4. Be2 c5 5. d3 Bg7 6. 0-0 0-0 7. Ne5 Nc6 8. Qe1 Nxe5 9. fxe5 Ng4 10. d4 cxd4 11. Bxg4 Bxg4 12. exd4 Qb6 13. c3 f6 14. exf6 exf6 15. Qf2 Rae8 16. Re1 Qb5 17. Be3 Re7 18. Na3 Qa6 19. Nc2 Rfe8 20. Nb4 Qd6 21. h3 Bf5 22. Qd2 Re4 23. Bf2 a5 24. Nd3 b6 25. Rxe4 dxe4 26. Re1 Bd7 27. Nf4 f5 28. h4 Be6 29. Nxe6 Rxe6 30. d5 Re7 31. Be3 Be5 32. Bg5 Rd7 33. Rd1 f4 34. c4 Qc5+ 35. Kh1 Qxc4 36. Bxf4 e3 37. Bxe3 Qxh4+ 38. Kg1 Qh2+ 39. Kf1 Qh1+ 40. Kf2 Rf7+ 41. Ke2 Qxg2+ 42. Kd3 Qxd5+ 43. Kc2 Qe4+ 44. Kb3 b5 45. Qd8+ Kg7 0-1

[Event "Mittelrhein Verbandsliga-M 1112"]
[Site "Germany"]
[Date "2011.11.13"]
[Round "3.4"]
[White "Esser, Michael"]
[Black "Bachkourinski, Grigori"]
[Result "1-0"]
[WhiteElo "2021"]
[BlackElo "2075"]
[PlyCount "113"]
[EventDate "2011.09.18"]
[EventType "team-tourn"]
[EventRounds "11"]
[EventCountry "GER"]
[SourceTitle "EXT 2013"]
[Source "ChessBase"]
[SourceDate "2012.11.22"]
[SourceVersion "1"]
[SourceVersionDate "2012.11.22"]
[SourceQuality "1"]
[WhiteTeam "Bayer Leverkusen"]
[BlackTeam "Aachen Aufwaerts III"]
[WhiteTeamCountry "GER"]
[BlackTeamCountry "GER"]

1. e4 g6 2. d4 d6 3. Nc3 Bg7 4. Be3 Nf6 5. f3 0-0 6. Qd2 Nc6 7. Nge2 e5 8. d5 Ne7 9. 0-0-0 Ne8 10. g4 c6 11. Ng3 Qa5 12. Kb1 Kh8 13. Bh6 cxd5 14. exd5 f5 15. Bxg7+ Kxg7 16. Qg5 Rf7 17. gxf5 Nxf5 18. Rg1 Nxg3 19. Qxg3 Nf6 20. Bd3 Nh5 21. Qh4 Nf4 22. Ne4 Nxd3 23. Ng5 h5 24. Nxf7 Kxf7 25. Rxd3 Bf5 26. Rc3 Rd8 27. Rd1 b5 28. Rc6 Rc8 29. Rxc8 Bxc8 30. Qf2 Bf5 31. f4 e4 32. Qd4 Qc7 33. Re1 a6 34. Re3 Qc5 35. Qxc5 dxc5 36. Rc3 c4 37. b3 cxb3 38. axb3 Ke7 39. Rc6 a5 40. Ra6 a4 41. bxa4 bxa4 42. Kc1 e3 43. Kd1 e2+ 44. Kxe2 Bxc2 45. Ke3 Bb3 46. Kd4 Bc2 47. Ke5 Kd7 48. Ra7+ Kc8 49. d6 Kd8 50. Kd5 Bd1 51. h4 Bc2 52. Ke5 Ke8 53. Ke6 Bf5+ 54. Kf6 Bc2 55. d7+ Kd8 56. Ke6 Be4 57. Kd6 1-0

[Event "BEL-chT 1011"]
[Site "Belgium"]
[Date "2010.10.10"]
[Round "2.6"]
[White "Godart, Francois"]
[Black "Bachkourinski, Grigori"]
[Result "1-0"]
[WhiteElo "2240"]
[BlackElo "2188"]
[PlyCount "73"]
[EventDate "2010.09.26"]
[EventType "team-tourn"]
[EventRounds "11"]
[EventCountry "BEL"]
[SourceTitle "EXT 2012"]
[Source "ChessBase"]
[SourceDate "2011.11.24"]
[SourceVersion "1"]
[SourceVersionDate "2011.11.24"]
[SourceQuality "1"]
[WhiteTeam "Charleroi CREC"]
[BlackTeam "Eynatten II"]
[WhiteTeamCountry "BEL"]
[BlackTeamCountry "BEL"]

1. d4 Nf6 2. c4 g6 3. Nc3 Bg7 4. e4 d6 5. f4 0-0 6. Nf3 c5 7. d5 Bg4 8. Be2 Nbd7 9. h3 Bxf3 10. Bxf3 a6 11. a4 Rb8 12. 0-0 Nb6 13. Qe2 Nfd7 14. Bd2 Na8 15. Bg4 Nc7 16. e5 dxe5 17. Bxd7 Qxd7 18. fxe5 e6 19. d6 Ne8 20. Rae1 Qc6 21. Bg5 Nxd6 22. exd6 Qxd6 23. Bf4 Qd4+ 24. Kh1 Rbd8 25. Rd1 e5 26. Rxd4 cxd4 27. Nd5 exf4 28. Rxf4 Rfe8 29. Re4 Kf8 30. Kg1 Rxe4 31. Qxe4 Re8 32. Qd3 Re5 33. Qa3+ Kg8 34. Ne7+ Kh8 35. Qd6 h5 36. Qd8+ Kh7 37. Qg8+ 1-0

[Event "BEL-chT 0910"]
[Site "Belgium"]
[Date "2009.11.08"]
[Round "3"]
[White "Bachkourinski, Grigori"]
[Black "Memeti, Kastriot"]
[Result "1/2-1/2"]
[WhiteElo "2151"]
[BlackElo "2193"]
[PlyCount "42"]
[EventDate "2009.09.27"]
[EventType "team-tourn"]
[EventRounds "11"]
[EventCountry "BEL"]
[SourceTitle "EXT 2011"]
[Source "ChessBase"]
[SourceDate "2010.11.26"]
[SourceVersion "1"]
[SourceVersionDate "2010.11.26"]
[SourceQuality "1"]
[WhiteTeam "KSK47 Eynatten II"]
[BlackTeam "Amay"]
[WhiteTeamCountry "BEL"]
[BlackTeamCountry "BEL"]

1. d4 Nf6 2. Nf3 e6 3. Bg5 h6 4. Bh4 c5 5. c3 cxd4 6. Nxd4 Be7 7. Nd2 d5 8. Qc2 e5 9. Nf5 Bxf5 10. Qxf5 Nc6 11. e3 e4 12. Bxf6 Bxf6 13. Nb3 g6 14. Qh3 g5 15. a4 Qb6 16. Bb5 Rd8 17. 0-0-0 Kf8 18. g3 Kg7 19. Kb1 Rd6 20. Qf1 Rc8 21. c4 Qd8 1/2-1/2